000 00724nam a2200241 a 4500
001 12341
003 CO-ViMGA
008 141112s2004 ck r 000 u spa d
040 _aCO-ViMGA
_bspa
_cCO-ViMGA
082 0 4 _a616.89 S65ml
100 1 _aSolomon, Philip ; Patch Vernon,
_917618
245 1 0 _aManual de Psiquiatria
260 _aMexico :
_bManual Moderno,
_c1972
300 _a416p.
590 _aForma de adquisición : DONACION - - Proveedor : RAFAEL SALAMANCA - - Fecha de adquisición : 31 - 01 - 2001
650 1 4 _aALCOHOLISMO
_950876
650 1 4 _aDROGADICCION
_917619
650 1 4 _aMANUALES
_917620
650 1 4 _aPSICOANALISIS
650 1 4 _aPSIQUIATRIA
650 1 4 _aSUICIDIO
_917621
942 _2ddc
_cBK
999 _c23351
_d23351